| 000 | 00989cam a2200205 4500 | ||
|---|---|---|---|
| 001 | ABS66151 | ||
| 008 | 021121n2002 000 0 eng u | ||
| 035 | _a(Sirsi) u120551 | ||
| 245 | _aIn pursuit of the perfect practice | ||
| 260 | _c2002 | ||
| 490 |
_aHouseBuilder _v61 (10) November 2002, 20-21(2) |
||
| 520 | _aReports on Architect Search which is a new free service to housebuilders that can help them to reduce the haphazard nature of design procurement. The housebuilder can form an early opinion of whether any practice has the skills or outlook that would suit a particular site profile. The number of consultants on its database has grown from a core of fewer than 50 to more than 250 today. View at www.architectsearch.co.uk. | ||
| 590 | _aABS | ||
| 650 | _aHOUSE COMPLETIONS | ||
| 650 | _aARCHITECTS IN HOUSING | ||
| 650 | _aDATABASE | ||
| 690 | _aHOUSING-DEVELOPMENT | ||
| 856 |
_uhttp:www.architectsearch.co.uk _zView the Architect Search website... |
||
| 942 | _n0 | ||
| 999 |
_c71621 _d71621 |
||